000 00946nam0a22002411 4500
001 rc\3220012
005 20130115140803.8
035 _a(NLR Aleph) 007364071
090 _a6337988
_c6337988
100 _a20130115d1973 |||y0rusy50 ca
101 0 _arus
102 _aRU
105 _ay d |||||
200 1 _aЖенское и молодежное движение в странах Ближнего и Среднего Востока
_e(Сборник рефератов)
_f[Ред. А.А. Заргаров]
_gЦентр. науч. информации по обществ. наукам при Президиуме АН АзССР
210 _aБаку
_cЭлм
_d1973
215 _a82 с.
_d22
333 _aДля служебного пользования. Экз. № 000006
702 1 _aЗаргаров
_bА. А.
_4340
801 0 _aRU
_bNLR
_gpsbo
801 1 _aRU
_bELAR
_2rusmarc
852 _aNLR
_j74-50К/11
942 _cBOOK
980 _aNB